000 00368nam a2200145Ia 4500
003 OSt
005 20240313145243.0
008 170523s9999 xx 000 0 und d
020 _a9789352168187
040 _cIIMT UNIVERSITY
100 _aGupta- R.P.
245 0 _aBasic Electrical Engineering (Hindi)
260 _aBharat Bharati Prakashan Meerut
942 _2ddc
_c02
999 _c11808
_d11808